1991 : dove va l'economia italiana? /

Guardat en:
Dades bibliogràfiques
Altres autors: Jacobelli, Jader
Format: Llibre
Idioma:italià
Publicat: Roma ; Bari : Laterza, 1991
Col·lecció:Saggi tascabili Laterza ; 151
Matèries:
Etiquetes: Afegir etiqueta
Sense etiquetes, Sigues el primer a etiquetar aquest registre!

MARC

LEADER 00000nam a22000007i 4500
001 IT\ICCU\CFI\0185214
003 ItRI
005 20251111194802.0
008 920510s1991 it |||||| ||||| |||||c
020 |a 8842037486 
040 |b ita  |c Arcigay Viterbo 
041 7 |a ita  |2 ISO-639-2 
082 |a 330.9450928  |2 19 
245 0 0 |a 1991 :  |b dove va l'economia italiana? /  |c a cura di Jader Jacobelli. 
246 1 3 |a Millenovecentonovantuno. 
260 |a Roma ;  |a Bari :  |b Laterza,  |c 1991 
300 |a vi, 176 p. ;  |c 18 cm. 
650 7 |a Italia  |x Economia  |x Previsioni  |2 scbi 
700 1 |a Jacobelli, Jader  |0 IT\ICCU\CFIV\022029 
830 0 |a Saggi tascabili Laterza ;  |v 151  |0 IT\ICCU\CFI\0000433 
942 |2 ddc  |c BK  |n 0 
952 |0 0  |1 0  |2 ddc  |4 0  |6 330_945000000000000_JAC_DOV  |7 0  |9 9889  |a VT  |b VT  |d 2025-11-11  |e Dono della Biblioteca Consorziale di Viterbo  |i B448  |l 0  |o 330.945 JAC DOV  |p B448  |r 2025-11-11 19:49:17  |w 2025-11-11  |y BK  |z Dono della Biblioteca Consorziale di Viterbo 
981 1 |6 z01  |a i   |b xxxe  
982 1 |6 z01  |a n 
999 |c 8251  |d 8251